Statystyki dla Kraje najbliżej Beninu - minutowy sprint

Kliknij tutaj aby rozwiązać quiz!

Ogólne statystyki

  • Ten quiz został rozwiązany 18 razy
  • Średni wynik to 12 z 20

Statystyki odpowiedzi

kmkraj% Poprawnych
0Togo
94%
1114Czad
88%
0Niger
88%
0Nigeria
88%
326Mali
82%
0Burkina Faso
76%
43Ghana
76%
947Gwinea
71%
668Kamerun
71%
1340Senegal
71%
857Mauretania
65%
315Côte d'Ivoire
59%
997Liberia
53%
969Gabon
47%
720Gwinea Równikowa
47%
1232Sierra Leone
47%
735Wyspy Świętego
Tomasza i Książeca
24%
733Algieria
18%
1291Republika
Środkowoafrykańska
18%
1261Congo
0%

Rozkład punktacji

Percentyl według liczby udzielonych odpowiedzi

Procent ludzi z każdym wynikiem

Twoja historia wyników

Nie rozwiązałeś tego quizu